01331cam a2200301 a 45000010005000000030006000050050017000110080041000280100017000690200026000860200018001120200030001300400018001600500014001780820011001921000024002032450108002272500048003352600036003833000043004194900036004625000020004985200376005186500033008946500035009277000034009627000033009964204FISKH20240701103744.0100323s2011 nyua j 001 0 eng  a 2010009459 a9780375860119 (trade) a9780545384865 a9780375960116 (lib. bdg.) aDLCcDLCbeng aQL666.O6  a597.9 1 aOsborne, Mary Pope.10aSnakes and other reptiles /cby Mary Pope Osborne and Natalie Pope Boyce ; illustrated by Sal Murdocca. aThis edition first printing, February 2012  aNew York :bScholastic, c2011. a120 pages : billustrations ; c20 cm 0 aMagic tree house research guide aIncludes index. aWhen Jack and Annie got back from their adventure in Magic Tree House Merlin Mission #17: A Crazy Day with Cobras, they had lots of questions. Can snakes really be charmed? What reptile has the deadliest venom? What do Komodo dragons eat? How do you tell alligators and crocodiles apart? Find out the answers to these questions and more as Jack and Annie track the facts. 0aSnakesvJuvenile literature. 0aReptilesvJuvenile literature. aBoyce, Natalie Pope eAuthor aMurdocca, Sal eillustrator